Buddhist poetry, thought, and diffusion / (Record no. 54884)

MARC details
000 -LEADER
fixed length control field 01598nam a22003497a 4500
005 - DATE AND TIME OF LATEST TRANSACTION
control field 20110804155155.0
008 - FIXED-LENGTH DATA ELEMENTS--GENERAL INFORMATION
fixed length control field 110804t xxu||||| |||| 00| 0 eng d
010 ## - LCCN (DPL NO)
LC control number ENG-103227-28
020 ## - INTERNATIONAL STANDARD BOOK NUMBER
International Standard Book Number 9788177420708
Terms of availability 2750.00(set of 2 vols.)
035 ## - SYSTEM CONTROL NUMBER
System control number EN-86760-61
037 ## - SOURCE OF ACQUISITION
Source of stock number/acquisition DBAD / PUB
040 ## - CATALOGING SOURCE
Original cataloging agency dpl
Language of cataloging English
082 ## - DEWEY DECIMAL CLASSIFICATION NUMBER
Classification number 250
100 ## - MAIN ENTRY--PERSONAL NAME
9 (RLIN) 29868
245 ## - TITLE STATEMENT
Title Buddhist poetry, thought, and diffusion /
Statement of responsibility, etc being a collection of articles contributed by H.W. Bailey ... [et al]
260 ## - PUBLICATION, DISTRIBUTION, ETC. (IMPRINT)
Place of publication, distribution, etc New Delhi
Name of publisher, distributor, etc International Academy of Indian Culture and Aditya Prakashan
Date of publication, distribution, etc 2010
270 ## - ADDRESS
Address 2/18, Ansari Road
City New Delhi
Postal code 110002
300 ## - PHYSICAL DESCRIPTION
Extent 2v.(ix,623 ; xxx,625-1218)p. :
Dimensions 25cm (Hb)
Other physical details ill.
490 ## - SERIES STATEMENT
Series statement Śata-piṭaka series : Indo-Asian literatures v. 630-631
-- 32823
500 ## - GENERAL NOTE
General note Includes index
546 ## - LANGUAGE NOTE
Language note Translated from different languages.
650 ## - SUBJECT ADDED ENTRY--TOPICAL TERM
9 (RLIN) 29869
Topical term or geographic name as entry element Buddhist literature
General subdivision History and criticism.
650 ## - SUBJECT ADDED ENTRY--TOPICAL TERM
9 (RLIN) 31251
Topical term or geographic name as entry element Buddhist literature
General subdivision Manuscripts.
650 ## - SUBJECT ADDED ENTRY--TOPICAL TERM
Topical term or geographic name as entry element Buddhist philosophy.
9 (RLIN) 31346
651 ## - SUBJECT ADDED ENTRY--GEOGRAPHIC NAME
9 (RLIN) 1549
Geographic name Taxila (Extinct city)
651 ## - SUBJECT ADDED ENTRY--GEOGRAPHIC NAME
Geographic name Pakistan
General subdivision Antiquities.
9 (RLIN) 31308
700 ## - ADDED ENTRY--PERSONAL NAME
9 (RLIN) 29871
Personal name Bailey, H. W. |q (Harold Walter)
Dates associated with a name 1899-1996
710 ## - ADDED ENTRY--CORPORATE NAME
Corporate name or jurisdiction name as entry element International Academy of Indian Culture.
9 (RLIN) 31347
942 ## - ADDED ENTRY ELEMENTS (KOHA)
Source of classification or shelving scheme Dewey Decimal Classification
Item type English Books
Call number suffix BUD
Classification part 250
Holdings
Withdrawn status Lost status Source of classification or shelving scheme Materials specified (bound volume or other part) Damaged status Not for loan Collection code Home library Current library Date acquired Source of acquisition Cost, normal purchase price Total Checkouts Full call number Barcode Date last seen Copy number Cost, replacement price Koha item type
    Dewey Decimal Classification v.1   Not For Loan Non-fiction D.B.Act.Division D.B.Act.Division 04/08/2011 DBAD/PUB 2750.00   250 BUD EN-86760 04/08/2011 1 2750.00 English Books
    Dewey Decimal Classification v.2   Not For Loan Non-fiction D.B.Act.Division D.B.Act.Division 04/08/2011 DBAD/PUB 2750.00   250 BUD EN-86761 04/08/2011 1 2750.00 English Books

© Delhi Public Library
Hit Counter
free hit counter